[Event "BSF 75 aar Jubilaeum 2010"]
[Site "Bronshoj"]
[Date "2010.02.20"]
[Round "9"]
[White "Mikkelsen, Nikolaj"]
[Black "Picard, Romain"]
[Result "1-0"]
[WhiteElo "2381"]
[BlackElo "2365"]
[PlyCount "113"]
[EventDate "2010.??.??"]
[EventCountry "DEN"]


1. e4 e5 2. Nf3 d6 3. d4 exd4 4. Nxd4 Nf6 5. Nc3 Be7 6. g3 O-O 7. Bg2 Re8 8.
O-O Bf8 9. h3 c6 10. Nde2 a5 11. g4 a4 12. Ng3 a3 13. Rb1 Na6 14. b4 d5 15. b5
Nb4 16. exd5 Nfxd5 17. Nxd5 Nxd5 18. bxc6 bxc6 19. Qf3 Ba6 20. Rd1 Bc4 21. Bf1
Bxf1 22. Nxf1 Qc8 23. Rb3 Qa6 24. Ne3 Nxe3 25. Bxe3 Qc4 26. Qf5 Rad8 27. Rd7
Rxd7 28. Qxd7 Qe4 29. Qf5 Qc4 30. Qd3 Qe6 31. Kg2 g6 32. Bc1 Ra8 33. Kf1 Qe5
34. Bxa3 Qa1+ 35. Kg2 Qxa2 36. Bxf8 Rxf8 37. Qc4 Qa8 38. Rf3 Qb7 39. h4 Qb5 40.
Rc3 Qxc4 41. Rxc4 Rc8 42. Kf3 Kf8 43. Ke3 Ke7 44. g5 f5 45. h5 h6 46. gxh6 gxh5
47. h7 Kf7 48. Rxc6 Re8+ 49. Kf4 Kg7 50. Rc7+ Kg6 51. Kg3 Ra8 52. f4 Ra3+ 53.
Kh4 Ra8 54. c4 Rb8 55. c5 Kh6 56. c6 Rg8 57. hxg8=N+ 1-0

[Event "BSF 75 aar Jubilaeum 2010"]
[Site "Bronshoj"]
[Date "2010.02.20"]
[Round "9"]
[White "Rasmussen, Allan Stig"]
[Black "Saada, Julien"]
[Result "1/2-1/2"]
[WhiteElo "2542"]
[BlackElo "2307"]
[PlyCount "45"]
[EventDate "2010.??.??"]
[EventCountry "DEN"]


1. e4 c6 2. d4 d5 3. Nc3 dxe4 4. Nxe4 Bf5 5. Ng3 Bg6 6. h4 h6 7. Nf3 Nd7 8. h5
Bh7 9. Bd3 Bxd3 10. Qxd3 Qc7 11. Bd2 Ngf6 12. O-O-O e6 13. Ne4 O-O-O 14. g3
Nxe4 15. Qxe4 Nf6 16. Qe2 Bd6 17. c4 c5 18. Bc3 cxd4 19. Nxd4 a6 20. Kb1 Kb8
21. Rc1 Rc8 22. Bd2 Ka8 23. Rh4 1/2-1/2

[Event "BSF 75 aar Jubilaeum 2010"]
[Site "Bronshoj"]
[Date "2010.02.20"]
[Round "9"]
[White "Kragh, Niels Kristian"]
[Black "Teplyi, Igor"]
[Result "1/2-1/2"]
[WhiteElo "2147"]
[BlackElo "2305"]
[PlyCount "74"]
[EventDate "2010.??.??"]
[EventCountry "DEN"]


1. e4 c5 2. Nf3 d6 3. d4 cxd4 4. Nxd4 Nf6 5. Nc3 a6 6. h3 e5 7. Nde2 h5 8. g3
Nbd7 9. Bg2 b5 10. O-O Bb7 11. a4 b4 12. Nd5 Nxd5 13. exd5 a5 14. c3 Ba6 15.
cxb4 axb4 16. Be3 Be7 17. h4 Nf6 18. Bg5 Ng4 19. Bxe7 Qxe7 20. Qd2 O-O 21. Bf3
Qf6 22. Kg2 Rfe8 23. Qg5 Qxg5 24. hxg5 e4 25. Bxg4 hxg4 26. Rfe1 Rac8 27. Nd4
Rc5 28. Nc6 b3 29. Nb4 Bb7 30. a5 Rb5 31. Ra4 Kh7 32. a6 Ba8 33. Re3 Kg6 34.
Rc3 Kxg5 35. Kf1 e3 36. Rxe3 Rxe3 37. fxe3 f5 1/2-1/2

[Event "BSF 75 aar Jubilaeum 2010"]
[Site "Bronshoj"]
[Date "2010.02.20"]
[Round "9"]
[White "Jorgensen, Rasmus"]
[Black "Akdag, Dara Sevkan"]
[Result "0-1"]
[WhiteElo "2015"]
[BlackElo "2157"]
[PlyCount "76"]
[EventDate "2010.??.??"]
[EventCountry "DEN"]


1. e4 c5 2. Nf3 d6 3. d4 cxd4 4. Nxd4 Nf6 5. Nc3 g6 6. Be3 Bg7 7. f3 Nc6 8. Qd2
O-O 9. O-O-O Bd7 10. Bc4 Rc8 11. Bb3 Nxd4 12. Bxd4 b5 13. e5 dxe5 14. Bxe5 Bc6
15. Qxd8 Rfxd8 16. Rxd8+ Rxd8 17. Rd1 Bh6+ 18. Kb1 Rxd1+ 19. Nxd1 Nd7 20. Bd4
a6 21. Nf2 Bf4 22. h3 e5 23. Nd3 Bg3 24. Bf2 Bxf2 25. Nxf2 Nc5 26. Ng4 e4 27.
fxe4 Nxb3 28. axb3 Kg7 29. Nf2 Kf6 30. c4 Ke5 31. Kc2 Kd4 32. cxb5 axb5 33. Kd2
Bxe4 34. Nxe4 Kxe4 35. Kc3 Kd5 36. b4 Ke4 37. b3 Ke3 38. h4 f5 0-1

[Event "BSF 75 aar Jubilaeum 2010"]
[Site "Bronshoj"]
[Date "2010.02.20"]
[Round "9"]
[White "Huguet, Sergio"]
[Black "Frisk, Hans"]
[Result "1-0"]
[WhiteElo "2138"]
[BlackElo "2022"]
[PlyCount "80"]
[EventDate "2010.??.??"]
[EventCountry "DEN"]


1. e4 e5 2. Nf3 Nc6 3. d4 exd4 4. Nxd4 Bb4+ 5. c3 Bc5 6. Be3 Bb6 7. Bc4 Nge7 8.
O-O O-O 9. Nd2 Nxd4 10. Bxd4 Bxd4 11. cxd4 d5 12. Bd3 dxe4 13. Nxe4 Qxd4 14.
Ng5 Bf5 15. Bxf5 Nxf5 16. Qh5 Qh4 17. Qxh4 Nxh4 18. g3 Nf5 19. Rac1 c6 20. Rc5
Nd4 21. Rd1 Rad8 22. Kg2 h6 23. Ne4 f5 24. Nc3 f4 25. Rc4 f3+ 26. Kh3 Ne2 27.
Rxd8 Rxd8 28. Ne4 g5 29. Kg4 Nd4 30. Ra4 a6 31. h4 gxh4 32. gxh4 Kf7 33. Kf4
Rf8 34. Rxd4 Ke6+ 35. Ke3 Ke5 36. Rd7 b5 37. Rh7 a5 38. Rxh6 c5 39. Rh5+ Ke6
40. Rxc5 Rh8 1-0

[Event "BSF 75 aar Jubilaeum 2010"]
[Site "Bronshoj"]
[Date "2010.02.20"]
[Round "9"]
[White "Petersen, Steen Brustrup"]
[Black "Naes, Flovin Tor"]
[Result "1-0"]
[WhiteElo "2154"]
[BlackElo "2262"]
[PlyCount "79"]
[EventDate "2010.??.??"]
[EventCountry "DEN"]


1. e4 e5 2. Nf3 Nc6 3. Bb5 a6 4. Ba4 Nf6 5. Qe2 Be7 6. O-O b5 7. Bb3 d6 8. c3
Na5 9. Bc2 Bg4 10. h3 Bh5 11. d4 Nd7 12. Rd1 f6 13. Nbd2 O-O 14. b4 Nb7 15. a4
c6 16. Bb3+ Bf7 17. Bxf7+ Kxf7 18. axb5 cxb5 19. c4 Qb6 20. c5 dxc5 21. dxc5
Qc6 22. Nb3 a5 23. Nbd4 exd4 24. Nxd4 Qc7 25. Qa2+ Kg6 26. Nf5 h6 27. Nxe7+ Kh7
28. c6 axb4 29. Qxa8 Rxa8 30. Rxa8 Ndc5 31. cxb7 Qxb7 32. Re8 Qxe4 33. Rdd8
Qe1+ 34. Kh2 g5 35. Rh8+ Kg7 36. Nf5+ Kg6 37. Rhg8+ Kxf5 38. g4+ Ke5 39. Rge8+
Ne6 40. Rxe6+ 1-0

[Event "BSF 75 aar Jubilaeum 2010"]
[Site "Bronshoj"]
[Date "2010.02.20"]
[Round "9"]
[White "Andersen, Daniel"]
[Black "Christensen, Esben"]
[Result "0-1"]
[WhiteElo "2024"]
[BlackElo "2008"]
[PlyCount "46"]
[EventDate "2010.??.??"]
[EventCountry "DEN"]


1. c4 c5 2. Nf3 Nf6 3. d4 cxd4 4. Nxd4 a6 5. Nc3 g6 6. e4 d6 7. Be2 Bg7 8. Be3
O-O 9. f3 b6 10. Qd2 Re8 11. Nd5 e6 12. Nxf6+ Bxf6 13. f4 Bb7 14. Bf3 Qc7 15.
Rc1 Nd7 16. Nb3 Nc5 17. Nxc5 dxc5 18. O-O Rad8 19. Qf2 Bd4 20. Bxd4 Rxd4 21.
Rfd1 Red8 22. Rxd4 Rxd4 23. Qe2 Qxf4 0-1